000
00304nam a22001337a 4500
008
181002b xxu||||| |||| 00| 0 eng d
020
_a
9780312443177
041
_a
eng
080
_2
6 ED
_a
370
100
_a
47
101
_a
EDU
245
_a
The St Martin Handbook
_c
Lunsford.A.A
942
_2
udc
_c
BK
999
_c
48769
_d
48769